000 00481cam a2200157 4500500
005 20260208001126.0
041 _afre
042 _adc
100 1 0 _aKail, Michel
_eauthor
700 1 0 _aLantz, Pierre
_eauthor
245 0 0 _aAvant-propos
260 _c2003.
500 _a1
786 0 _nL'Homme & la Société | 150-151 | 4 | 2003-11-01 | p. 7-11 | 0018-4306
856 4 1 _uhttps://shs.cairn.info/revue-l-homme-et-la-societe-2003-4-page-7?lang=fr&redirect-ssocas=7080
999 _c1644419
_d1644419